[Event "Benidorm Bali op-A"]
[Site "Benidorm"]
[Date "2003.11.21"]
[Round "1"]
[White "Alvarez Escudero, Manuel"]
[Black "Yepes Martinez, Eduardo"]
[Result "0-1"]
[WhiteElo "2136"]
[BlackElo "2298"]
[PlyCount "76"]
[EventDate "2003.11.21"]
[EventType "swiss"]
[EventRounds "9"]
[EventCountry "ESP"]
[SourceTitle "CBM 097 Extra"]
[Source "ChessBase"]
[SourceDate "2004.01.13"]
[SourceVersion "1"]
[SourceVersionDate "2004.01.13"]
[SourceQuality "1"]

1. e4 e6 2. d4 d5 3. exd5 exd5 4. Nf3 Bd6 5. h3 Ne7 6. Bd3 Nbc6 7. c3 Be6 8. Ng5 Qd7 9. Nxe6 fxe6 10. Be3 e5 11. dxe5 Nxe5 12. Be2 0-0 13. Nd2 Nf5 14. Nf3 Nxe3 15. fxe3 Nxf3+ 16. Bxf3 Bg3+ 17. Kd2 c6 18. Kc2 Qe6 19. Qd4 Rae8 20. Rad1 Rf7 21. Rd2 Qxe3 22. Qxe3 Rxe3 23. Rd3 Re5 24. Rhd1 Bh4 25. b3 g6 26. Rd4 Bf2 27. R4d2 Bb6 28. Kd3 Re3+ 29. Kc2 Kg7 30. Rd3 Re5 31. a4 h5 32. b4 a6 33. b5 Rf4 34. bxc6 bxc6 35. Kb3 Re8 36. R1d2 Bc7 37. Ra2 Kh6 38. Kc2 g5 0-1

[Event "Barcelona Rubi op 4th"]
[Site "Barcelona"]
[Date "2003.06.07"]
[Round "7"]
[White "Yepes Martinez, Eduardo"]
[Black "Ferran Biosca, Robert"]
[Result "1-0"]
[WhiteElo "2325"]
[BlackElo "2250"]
[PlyCount "61"]
[EventDate "2003.04.26"]
[EventType "swiss"]
[EventRounds "7"]
[EventCountry "ESP"]
[SourceTitle "EXT 2004"]
[Source "ChessBase"]
[SourceDate "2003.11.25"]
[SourceVersion "1"]
[SourceVersionDate "2003.11.25"]
[SourceQuality "1"]

1. d4 Nf6 2. c4 e6 3. Nc3 Bb4 4. f3 d5 5. a3 Bxc3+ 6. bxc3 0-0 7. cxd5 exd5 8. e3 c5 9. Bd3 Nc6 10. Ne2 Be6 11. 0-0 Rc8 12. Rb1 b6 13. Qe1 Re8 14. Qf2 Qd7 15. g4 Qe7 16. Qh4 g6 17. Ba6 Rc7 18. e4 Nd7 19. Qxe7 Rxe7 20. Bf4 Ndb8 21. Bxc7 Nxa6 22. Bd6 Rd7 23. e5 Na5 24. dxc5 bxc5 25. Rb5 Nc4 26. Bxc5 Nxc5 27. Rxc5 Nxa3 28. h3 Nc4 29. f4 Nd2 30. f5 Nxf1 31. fxe6 1-0